| 000 | 00575nam a2200181Ia 4500 | ||
|---|---|---|---|
| 003 | GCL | ||
| 005 | 20240530103217.0 | ||
| 008 | 140319s9999 xx 000 0 ara d | ||
| 040 |
_aGCL / _cGCL |
||
| 082 | 0 | 4 |
_a811,009 _bع هـ |
| 100 | 1 | _aعباس بيومى عجلان | |
| 245 | 1 | 0 |
_aالهجاء الجاهلى صورة واساليبه الفنية / _cعباس بيومى عجلان |
| 260 |
_a[S.N] : _bمؤسسة شباب الجامعة ، _c1985 |
||
| 300 | _a235 ص | ||
| 650 | 0 | 4 | _aشعر الهجاء |
| 650 | 0 | 4 | _aالشعر الجاهلى |
| 942 |
_2ddc _cBK |
||
| 999 |
_c37584 _d37584 |
||